000 00522nam a2200181Ia 4500
005 20250326141329.0
008 250326s9999 xx 000 0 und d
037 _aTextbook
040 _aFMSL
_beng
_cFMSL
041 _aeng
_2eng
084 _qFMSL
100 _aClark H Ed.
_9744198
245 0 _aOrganisation and Identities: Text and Readings in organisational Behaviour
_cClark H And Others Ed.
260 _aLondon
_bLondon, Chaps & Hall
_c1994
300 _a450p
942 _cTB
999 _c1289805
_d1289805